<?xml version="1.0" encoding="UTF-8"?>
<record
    xmlns:xsi="http://www.w3.org/2001/XMLSchema-instance"
    xsi:schemaLocation="http://www.loc.gov/MARC21/slim http://www.loc.gov/standards/marcxml/schema/MARC21slim.xsd"
    xmlns="http://www.loc.gov/MARC21/slim">

  <leader>01129nas a2200229 a 4500</leader>
  <controlfield tag="001">38493</controlfield>
  <controlfield tag="003">BD-RjUL</controlfield>
  <controlfield tag="005">20211209052816.0</controlfield>
  <controlfield tag="008">151221s1912    ii ||||| |||| 00| 0 ben d</controlfield>
  <datafield tag="035" ind1=" " ind2=" ">
    <subfield code="a">(BD-RjUL)38598</subfield>
  </datafield>
  <datafield tag="040" ind1=" " ind2=" ">
    <subfield code="a">BD-RjUL</subfield>
    <subfield code="b">ben</subfield>
    <subfield code="c">BD-RjUL</subfield>
  </datafield>
  <datafield tag="041" ind1=" " ind2=" ">
    <subfield code="a">ben</subfield>
  </datafield>
  <datafield tag="082" ind1=" " ind2=" ">
    <subfield code="a">891.4405</subfield>
    <subfield code="b">BHA 1912</subfield>
  </datafield>
  <datafield tag="245" ind1=" " ind2=" ">
    <subfield code="a">&#x9AD;&#x9BE;&#x9B0;&#x9A4;&#x9C0; :</subfield>
    <subfield code="b">&#x9B8;&#x99A;&#x9BF;&#x9A4;&#x9CD;&#x9B0; &#x9AE;&#x9BE;&#x9B8;&#x9BF;&#x995; &#x9AA;&#x9A4;&#x9CD;&#x9B0;&#x9BF;&#x995;&#x9BE; /</subfield>
    <subfield code="c"> &#x9B8;&#x9CD;&#x9AC;&#x9B0;&#x9CD;&#x9A3;&#x995;&#x9C1;&#x9AE;&#x9BE;&#x9B0;&#x9C0; &#x9A6;&#x9C7;&#x9AC;&#x9C0; &#x9B8;&#x9AE;&#x9CD;&#x9AA;&#x9BE;&#x9A6;&#x9BF;&#x9A4;.</subfield>
  </datafield>
  <datafield tag="260" ind1=" " ind2=" ">
    <subfield code="a">&#x995;&#x9B2;&#x9BF;&#x995;&#x9BE;&#x9A4;&#x9BE; :</subfield>
    <subfield code="b">&#x9B8;&#x9A4;&#x9C0;&#x9B6;&#x99A;&#x9A8;&#x9CD;&#x9A6;&#x9CD;&#x9B0; &#x9AE;&#x9C1;&#x996;&#x9CB;&#x9AA;&#x9BE;&#x9A7;&#x9CD;&#x9AF;&#x9BE;&#x9AF;&#x9BC;,</subfield>
    <subfield code="c">&#x9E7;&#x9EF;&#x9E7;&#x9E8;.</subfield>
  </datafield>
  <datafield tag="300" ind1=" " ind2=" ">
    <subfield code="a">&#x9E9;&#x9EC;&#x9B6;&#x9AC;&#x9B0;&#x9CD;&#x9B7; ( &#x9E9;&#x9AF;&#x9BC;-&#x9EC;&#x9B7;&#x9CD;&#x9A0;)  &#x9B8;&#x982;&#x996;&#x9CD;&#x9AF;&#x9BE;, &#x986;&#x9B7;&#x9BE;&#x9A2;&#x9BC;-&#x986;&#x9B6;&#x9CD;&#x9AC;&#x9BF;&#x9A8;, &#x9E7;&#x9E9;&#x9E7;&#x9EF; &#x9AC;&#x9BE;&#x982;.</subfield>
    <subfield code="c">&#x9E8;&#x9E9; &#x9B8;&#x9C7;&#x9AE;&#x9BF;. </subfield>
  </datafield>
  <datafield tag="500" ind1=" " ind2=" ">
    <subfield code="a">&#x9AA;&#x9C1;&#x9A0;&#x9BF;&#x9AF;&#x9BC;&#x9BE; &#x9B0;&#x9BE;&#x99C;&#x9AC;&#x9BE;&#x9A1;&#x9BC;&#x9BF; &#x9A5;&#x9C7;&#x995;&#x9C7; &#x9B8;&#x982;&#x997;&#x9C3;&#x9B9;&#x9C0;&#x9A4; &#x964;</subfield>
  </datafield>
  <datafield tag="650" ind1=" " ind2=" ">
    <subfield code="a">&#x9AC;&#x9BE;&#x982;&#x9B2;&#x9BE; &#x9B8;&#x9BE;&#x9B9;&#x9BF;&#x9A4;&#x9CD;&#x9AF;</subfield>
    <subfield code="v">&#x9B8;&#x9BE;&#x9AE;&#x9AF;&#x9BC;&#x9BF;&#x995;&#x9C0;</subfield>
    <subfield code="9">119104</subfield>
  </datafield>
  <datafield tag="650" ind1=" " ind2=" ">
    <subfield code="a">Bengali Literature</subfield>
    <subfield code="v">Periodicals</subfield>
    <subfield code="9">119105</subfield>
  </datafield>
  <datafield tag="700" ind1=" " ind2=" ">
    <subfield code="a"> &#x9A6;&#x9C7;&#x9AC;&#x9C0;, &#x9B8;&#x9CD;&#x9AC;&#x9B0;&#x9CD;&#x9A3;&#x995;&#x9C1;&#x9AE;&#x9BE;&#x9B0;&#x9C0;,  &#x9B8;&#x9AE;&#x9CD;&#x9AA;&#x9BE;.</subfield>
    <subfield code="9">119120</subfield>
  </datafield>
  <datafield tag="942" ind1=" " ind2=" ">
    <subfield code="2">ddc</subfield>
    <subfield code="c">CR</subfield>
  </datafield>
  <datafield tag="999" ind1=" " ind2=" ">
    <subfield code="c">38493</subfield>
    <subfield code="d">38493</subfield>
  </datafield>
  <datafield tag="952" ind1=" " ind2=" ">
    <subfield code="0">0</subfield>
    <subfield code="1">0</subfield>
    <subfield code="2">ddc</subfield>
    <subfield code="4">0</subfield>
    <subfield code="7">1</subfield>
    <subfield code="8">SR</subfield>
    <subfield code="a">RUCL</subfield>
    <subfield code="b">RUCL</subfield>
    <subfield code="c">Rare</subfield>
    <subfield code="d">1955-12-06</subfield>
    <subfield code="e">Puthia Rajbari</subfield>
    <subfield code="g">0.00</subfield>
    <subfield code="h">&#x9E9;&#x9EC;&#x9B6;&#x9AC;&#x9B0;&#x9CD;&#x9B7; ( &#x9E9;&#x9AF;&#x9BC;-&#x9EC;&#x9B7;&#x9CD;&#x9A0;)  &#x9B8;&#x982;&#x996;&#x9CD;&#x9AF;&#x9BE;, &#x986;&#x9B7;&#x9BE;&#x9A2;&#x9BC;-&#x986;&#x9B6;&#x9CD;&#x9AC;&#x9BF;&#x9A8;, &#x9E7;&#x9E9;&#x9E7;&#x9EF; &#x9AC;&#x9BE;&#x982;.</subfield>
    <subfield code="l">0</subfield>
    <subfield code="o">BP 891.4405 BHA V-36(No.3-6) 1912</subfield>
    <subfield code="r">2015-12-21 00:00:00</subfield>
    <subfield code="t">C-1</subfield>
    <subfield code="w">2021-12-09</subfield>
    <subfield code="y">CR</subfield>
  </datafield>
</record>
